00860nam a22002417a 4500999001900000005001700019010001500036020002600051035001400077037001300091082001300104100001900117245008000136260004100216270011800257300002200375500001900397700001900416700001800435700002400453942002200477952011900499 c170008d17000820191210113936.0 aENG-127043 c989.00a9789389342673 aEN-110575 bDBAD/PUB a54729th aWade, Leroy G. aOrganic chemistry /cby Leroy G. Wade, Jan W.Simek [and] Maya Shankar Singh aNoidabPearson India Educationc2020 a15th Floor, Tower-B, World Trade Tower, Plot No.1, Block-C, Sector 16bNoida, Uttar Pradeshe201301k044-66540100 a1572p.c27cm(pbk) aIncludes index aWade, Leroy G. aSimek, Jan W. aSingh, Maya Shankar 2ddccENh547mWad 001040708NFICaAGbAGd2019-12-10eDBAD/PUBg989.00l0o547 WadepEN-110575r2019-12-10 00:00:00t1v989.00yEN